logo

Bir Sreshtho Munshi Abdur Rouf Library
Jhenaidah Cadet College

চল্লিশ বছরের প্রেমের কবিতা / (Record no. 3772)

MARC details
000 -LEADER
fixed length control field 00824nam a2200229 a 4500
001 - CONTROL NUMBER
JCCL Control Number 3772
003 - CONTROL NUMBER IDENTIFIER
JCCL marc code BD-JhCC
005 - DATE AND TIME OF LATEST TRANSACTION
control field 20171118165027.0
008 - FIXED-LENGTH DATA ELEMENTS--GENERAL INFORMATION
fixed length control field 171118s1984 bg |||| |||| 000 0 ben d
035 ## - SYSTEM CONTROL NUMBER
system control number (BD-JhCC)3772
040 ## - CATALOGING SOURCE
Original cataloging agency BD-JhCC
Modifying agency BD-JhCC
041 ## - LANGUAGE CODE
Language code of Book ben
082 ## - DEWEY DECIMAL CLASSIFICATION NUMBER
Classification number 891.4415
Author mark and Year CHA 1984
245 ## - TITLE STATEMENT
Title চল্লিশ বছরের প্রেমের কবিতা /
Statement of responsibility, etc রফিক ভূঁইয়া ও আবদুল হাই শিকদার [সম্পা.]
260 ## - PUBLICATION, DISTRIBUTION, ETC. (IMPRINT)
Place of publication, distribution, etc ঢাকা :
Name of publisher, distributor, etc নন্দন ও প্রাচীন প্রকাশনী.
Date of publication, distribution, etc 1984.
300 ## - PHYSICAL DESCRIPTION
Pagination 144 p. :
Dimensions 21 cm.
650 ## - SUBJECT ADDED ENTRY--TOPICAL TERM
Topical term or geographic name as entry element Collection of Poems
700 ## - ADDED ENTRY--PERSONAL NAME
Personal name ভূঁইয়া, রফিক
700 ## - ADDED ENTRY--PERSONAL NAME
Personal name শিকদার, আবদুল হাই
942 ## - ADDED ENTRY ELEMENTS (KOHA)
Source of classification or shelving scheme Dewey Decimal Classification
Koha item type Books
Holdings
Source of classification or shelving scheme Damaged status Not for loan Home library Current library Shelving location Date of accession Cost, normal purchase price Total Checkouts Full call number Barcode Date last seen Copy number Koha item type
Dewey Decimal Classification     JCC Rouf Library JCC Rouf Library General Stacks 11/17/2017 45.00   891.4415 CHA 1984 5347 11/18/2017 C-1 Books

JCC Library | Contacts | JCC Home

Last Update on 23 September 2017
Copyright @ 2017-2020 JCC Rouf Library
Rouf Library, Jhenidah Cadet College (JCC), Bangladesh